Halsbury's laws of England, vol. 101: (Record no. 4549)
[ view plain ]
| 000 -LEADER | |
|---|---|
| fixed length control field | 01107nam a22001817a 4500 |
| 008 - FIXED-LENGTH DATA ELEMENTS--GENERAL INFORMATION | |
| fixed length control field | 140910b xxu||||| |||| 00| 0 eng d |
| 020 ## - INTERNATIONAL STANDARD BOOK NUMBER | |
| International Standard Book Number | 9781405738255 |
| 050 ## - LIBRARY OF CONGRESS CALL NUMBER | |
| Classification number | KD310.HF34(5e vol.101) |
| 245 ## - TITLE STATEMENT | |
| Title | Halsbury's laws of England, vol. 101: |
| Remainder of title | water and waterways. / |
| Statement of responsibility, etc. | edited by Lord Mackay |
| 250 ## - EDITION STATEMENT | |
| Edition statement | 5th ed. |
| 260 ## - PUBLICATION, DISTRIBUTION, ETC. | |
| Place of publication, distribution, etc. | London: |
| Name of publisher, distributor, etc. | Lexis Nexis, |
| Date of publication, distribution, etc. | 2009. |
| 300 ## - PHYSICAL DESCRIPTION | |
| Extent | 497p. : |
| Dimensions | 26cm. |
| 440 ## - SERIES STATEMENT/ADDED ENTRY--TITLE | |
| Volume/sequential designation | vol. 101 |
| Name of part/section of a work | Water and waterways. |
| 500 ## - GENERAL NOTE | |
| General note | Includes index. |
| 505 ## - FORMATTED CONTENTS NOTE | |
| Formatted contents note | Contents: How to use Halsbury's laws of England -- References and abbreviations -- Table of statutes -- Table of statutory instruments -- Table of European community legislation -- Table of European legislation -- Table of cases -- Volume 100: Water and waterways: Introduction -- The sea and seashore -- Inland waters -- Organization of the water industry -- Water supply -- Index -- General land and works powers -- Coast protection -- Flood defence, land drainage and damage by water -- Amenity, recreation and environment -- Navigation -- Inland waterways -- Ferries -- Index. |
| 700 ## - ADDED ENTRY--PERSONAL NAME | |
| Personal name | Mackay, Lord. |
| 942 ## - ADDED ENTRY ELEMENTS (KOHA) | |
| Source of classification or shelving scheme | Library of Congress Classification |
| Koha item type | Books |
| Withdrawn status | Lost status | Source of classification or shelving scheme | Damaged status | Not for loan | Collection code | Home library | Current library | Shelving location | Date acquired | Total Checkouts | Full call number | Barcode | Date last seen | Copy number | Price effective from | Koha item type |
|---|---|---|---|---|---|---|---|---|---|---|---|---|---|---|---|---|
| Library of Congress Classification | Non-fiction | WISCONSIN INTERNATIONAL UNIVERSITY COLLEGE, GHANA - MAIN LIBRARY | WISCONSIN INTERNATIONAL UNIVERSITY COLLEGE, GHANA - MAIN LIBRARY | Law Library | 10/09/2014 | KD310.HF34(5e vol.101) | 2342/1339/14 | 10/09/2014 | 1 | 10/09/2014 | Books |
